00873nam a22002177a 450000500170000001000150001702000260003203500140005803700090007208200130008110000280009424500810012225000060020326000360020927001520024530000200039770000370041794200240045499900190047895201580049720260612160046.0 aENG-148832 c350.00a9788119664214 aEN-132364 bDBAD a236.521 aThomas, Gracious989372 aPurgatory:cGracious Thomas [and] Elvis G. ThomasbThe Gift of Divine Mercy/ a1 bATC PublishersaBengaluruc2024 aSt's Mary Block, Archdiocesan,Pastoral Center,#5, Nandidurga Road,Benson TownbBengalurue560046k+918025491999k7090100444minfo@atcpublishers.com a239p.c21cm(pb) aThomas, Elvis G. eAuthor989373 2ddccENh236.5mTHO c216630d216630 001040718NFICaDBADbDBADd2026-06-12eDelivery of Books Act Divisiong350.00l0o236.5 THOpEN-132364r2026-06-12 16:01:46t1v350.00w2026-06-12yEN